| 000 | 00762nam a2200193 a 4500 | ||
|---|---|---|---|
| 005 | 20140414093827.0 | ||
| 008 | 030211s19uu xx 00 eng d | ||
| 050 |
_aVHS 300 _bR 23 |
||
| 100 | _aASCD | ||
| 245 |
_aHow to prepare students for standardized tests / _cAssociation for Supervision and Curriculum Development. |
||
| 260 |
_aAlexandria, Va : _bAssociation for Supervision and Curriculum Development, _cc2001. |
||
| 300 | _a1 tape, 15 min. | ||
| 440 | _aA video series for the classroom teacher | ||
| 500 | _a2cops.loc.in the lib.(GLT also has copy) | ||
| 520 | _aExplores several steps teachers can take to help students prepare for these tests. | ||
| 650 |
_aAchievement tests _xUnited States _xStudy guides. |
||
| 942 | _cAVM | ||
| 999 |
_c108520 _d108520 |
||